UBT Library

An introduction to animal behavior; (Record no. 41347)

000 -LEADER
fixed length control field 00610cam a2200229 4500
001 - CONTROL NUMBER
control field 2669547
005 - DATE AND TIME OF LATEST TRANSACTION
control field 20180131042610.0
008 - FIXED-LENGTH DATA ELEMENTS--GENERAL INFORMATION
fixed length control field 740104s1974 njua b 001 0 eng
010 ## - LIBRARY OF CONGRESS CONTROL NUMBER
LC control number 73022467
020 ## - INTERNATIONAL STANDARD BOOK NUMBER
International Standard Book Number 0134779355
040 ## - CATALOGING SOURCE
Original cataloging agency DLC
Transcribing agency DLC
Modifying agency DLC
041 ## - LANGUAGE CODE
Language code of text/sound track or separate title eng
060 ## - NATIONAL LIBRARY OF MEDICINE CALL NUMBER
Classification number QL751 K66i 1974
080 ## - UNIVERSAL DECIMAL CLASSIFICATION NUMBER
Universal Decimal Classification number 591.5 pet
082 00 - DEWEY DECIMAL CLASSIFICATION NUMBER
Classification number 591.5 pet
100 1# - Rafti
Rafti 9
101 ## - Shkurtesa
Shkurtesa mje
245 13 - TITLE STATEMENT
Title An introduction to animal behavior;
Statement of responsibility, etc [by] Peter H. Klopfer.
504 ## - BIBLIOGRAPHY, ETC. NOTE
Bibliography, etc Bibliography: p. 287-319.
906 ## - LOCAL DATA ELEMENT F, LDF (RLIN)
a 7
b cbc
c orignew
d 1
e ocip
f 19
g y-gencatlg
942 ## - ADDED ENTRY ELEMENTS (KOHA)
Source of classification or shelving scheme
Item type Books
Holdings
Withdrawn status Lost status Source of classification or shelving scheme Damaged status Not for loan Collection code Permanent location Current location Shelving location Date acquired Total Checkouts Full call number Barcode Date last seen Price effective from Koha item type
          Koleksioni i përgjithshem UBT - Lipjan UBT - Lipjan Koleksioni i përgjithshem 01/31/2018   591.5 pet 002-2996895 01/31/2018 01/31/2018 Books
UBT Library © 2015-2024. All rights reserved University Education for Business and Technology